Statistics for U.S. States With the Longest Names

Click here to take the quiz!

General Stats

  • This quiz has been taken 41 times
    (40 since last reset)
  • The average score is 7 of 10

Answer Stats

LettersState% Correct
10California
92%
11Mississippi
89%
13Massachusetts
86%
10Washington
86%
12Pennsylvania
81%
9Louisiana
69%
11Connecticut
67%
9Tennessee
67%
9Minnesota
58%
9Wisconsin
53%

Score Distribution

Percentile by Number Answered

Percent of People with Each Score

Your Score History

You have not taken this quiz since the last reset